00384nam a22001452 4500001001100000005001700011008004100028020000800069040001500077050001800092245002300110260004400133300003100177600003000208000000095220151217151801.0070222s xx 000 0 eng d cKES aKABUcKABU 0aBT299.2b.L5414aThe Life of Jesus. aWhealton, Ill. :bTyndale House,c2003. a 357 p. (various paging) ;10aJesus Christ.@0000149365